000 00672nam a22002057a 4500
005 20210325175544.0
008 s2528 th tha d
041 _atha
050 _aUG1242 ข6ส7
100 0 _aสุรชาติ บำรุงสุข
245 1 0 _aเอฟ-16 กับการเมืองไทย
260 3 _aกรุงเทพฯ :
_bเจ้าพระยาการพิมพ์,
_c2528
300 _a165 หน้า
650 0 4 _aเครื่องบิน
650 0 4 _aไทย -- กองทัพอากาศ
850 _aNALT
942 _cGB
997 _c000000000007075
998 _aNarumon Suwan
999 _c7075
_d7075